|
|
|
|
| LEADER |
02060nam a2200313 a 4500 |
| 001 |
21517 |
| 003 |
BD-DhAAL |
| 008 |
101204s2004 bg b 001 0 ben |
| 020 |
|
|
|a 9844017831
|
| 040 |
|
|
|a BD-DhAAL
|c BD-DhAAL
|
| 082 |
0 |
0 |
|a 954.9205
|2 22
|
| 100 |
1 |
0 |
|a ইমাম,এইচ টি.
|9 49858
|
| 245 |
1 |
0 |
|a বাংলাদেশ সরকার ১৯৭১ /
|c এইচ টি ইমাম.
|
| 260 |
|
|
|a ঢাকা :
|b আগামী প্রকাশনী,
|c ২০০৪.
|
| 300 |
|
|
|a ৫৬৭ পৃষ্ঠা ;
|c ২৩ সে.মি.
|
| 504 |
|
|
|a গ্রন্থপঞ্জিগত নির্দেশিকা ও নির্ঘণ্ট অন্তর্ভুক্ত।
|
| 541 |
1 |
|
|a Donated By Akbar Ali Khan
|e 21517, 38590
|
| 650 |
|
0 |
|a Bangladesh
|x Politics and government
|y 1971-
|9 49859
|
| 650 |
|
0 |
|a Executive departments
|z Bangladeh
|x History.
|9 49860
|
| 852 |
4 |
|
|a Ayesha Abed Library
|c General Stacks
|
| 942 |
|
|
|2 ddc
|c BK
|
| 999 |
|
|
|c 10135
|d 10135
|
| 952 |
|
|
|0 0
|1 0
|2 ddc
|4 0
|6 954_920500000000000_IMA
|7 0
|9 13407
|a BDI
|b BDI
|d 2010-12-05
|l 0
|o 954.9205 IMA
|p 3050021517
|r 2010-12-05
|t 1
|w 2010-12-05
|y BK
|
| 952 |
|
|
|0 0
|1 0
|2 ddc
|4 0
|6 954_920500000000000_IMA
|7 0
|9 13408
|a BDI
|b BRACUL
|d 2010-12-05
|l 0
|o 954.9205 IMA
|p 3050021518
|r 2024-02-07
|t 2
|w 2010-12-05
|y BK
|
| 952 |
|
|
|0 0
|1 0
|2 ddc
|4 0
|6 954_920500000000000_IMA
|7 0
|9 13409
|a BDI
|b BDI
|d 2010-12-05
|l 0
|o 954.9205 IMA
|p 3050021519
|r 2010-12-05
|t 3
|w 2010-12-05
|y BK
|
| 952 |
|
|
|0 0
|1 0
|2 ddc
|4 0
|6 954_920500000000000_IMA
|7 0
|9 13410
|a BDI
|b BDI
|d 2010-12-05
|l 0
|o 954.9205 IMA
|p 3050021520
|r 2010-12-05
|t 4
|w 2010-12-05
|y BK
|
| 952 |
|
|
|0 0
|1 0
|2 ddc
|4 0
|6 954_920500000000000_IMA
|7 0
|9 44418
|a BRACUL
|b BRACUL
|c GEN
|d 2014-12-08
|l 0
|o 954.9205 IMA
|p 3010010378
|r 2014-12-08
|t 5
|w 2014-12-08
|y BK
|
| 952 |
|
|
|0 0
|1 0
|2 ddc
|4 0
|6 954_920500000000000_IMA
|7 0
|9 44705
|a BRACUL
|b BRACUL
|c BNC
|d 2015-01-10
|l 0
|o 954.9205 IMA
|p 3010010324
|r 2015-01-10
|t 6
|w 2015-01-10
|y BK
|
| 952 |
|
|
|0 0
|1 0
|2 ddc
|4 0
|6 954_920500000000000_IMA
|7 1
|9 71186
|a BRACUL
|b BRACUL
|c AAKC
|d 2022-07-05
|e Donated by Akbar Ali Khan
|l 0
|o 954.9205 IMA
|p 3010038590
|r 2022-07-05
|t 7
|w 2022-07-05
|y BK
|